000 01267nam0a22003131 4500
001 v19\rc\1295044
005 20060306185727.9
035 _a(NLR Aleph) 004454071
090 _a4486947
_c4486947
100 _a20060306d1861 |||y0rusy50 ca
101 0 _arus
102 _aRU
105 _ay z |||||
200 1 _aВыписки из высочайше утвержденных положений о крестьянах, вышедших из крепостной зависимости
_eО повинностях крестьян для великороссийских губерний
_fСост. Серно-Соловьевич
210 _aСанкт-Петербург
_cтип. Лермантова и К°
_d1861
215 _a3-74 с.
_d20
700 1 _aСерно-Соловьевич
_bН. А.
_f1834-1866
_gНиколай Александрович
790 1 _aСоловьевич
_bН. А.
_f1834-1866
_gНиколай Александрович
801 0 _aRU
_bNLR
_gpsbo
801 0 _aRU
_bRuMoRGB
_2psbo
801 1 _aRU
_bProSoft-M
_2rusmarc
852 _aNLR
_j18.91.1.74
899 _aRuMoRGB
_jV 297/268
899 _aRuMoRGB
_jV 576/420
899 _aБАН
899 _aНБ СПбГУ
899 _aГПИБ
942 _cBOOK
980 _aNB